LDR 01092naa#a2200181#i#450# 001 RU\\bibl\20295 005 20260701093104.3 100 ## _a20260630b2026####ek#y0rusy0150####ca 102 ## _aRU 200 1# _aРЕКОМЕНДАТЕЛЬНЫЕ СИСТЕМЫ, ПРОГНОЗИРОВАНИЕ И NLP: КОНЦЕПЦИИ И ПРИМЕНЕНИЕ В ПРОЕКТЕ РЕАЛИЗАЦИИ САЙТА ПОДБОРА ГАДЖЕТОВ _eСтатья/тезисы конференции 210 1# _aВоронеж _cВоронежский государственный лесотехнический университет имени Г.Ф. Морозова _d2026 215 ## _a8 с. 608 ## _aСтатья/тезисы конференции _2local 675 ## _aЭкономическое положение. Экономическая политика. Управление и планирование в экономике. Производство. Услуги. Цены. 338 _z 700 #1 _aЧерных _gЮ. В. 700 #1 _aАвилова _gО. А. 700 #1 _aНетесова _gС. В. 856 4# _abibl.vgltu.ru _u